| 000 | 00703nam a2200217 a 4500 | ||
|---|---|---|---|
| 001 | 000037956 | ||
| 003 | DO-SdBNP | ||
| 005 | 20220520103009.0 | ||
| 007 | ta | ||
| 008 | 090826s2011 dr 000 0 spa d | ||
| 040 |
_aDO-SdBNP _bspa _cBNPHU |
||
| 082 | 4 | _222 | |
| 110 | 1 |
_aRepública Dominicana _9447 |
|
| 240 | 0 | 0 | _aLeyes, etc. |
| 245 | 1 | 0 |
_aLey general de libre acceso a la información pública : _bno. 200-04 / _cprólogo José Tomás Pérez ; presentación José Alfredo Rizek Vidal. |
| 260 |
_aSanto Domingo : _bCONARE, _c2011. |
||
| 300 |
_a59 p. ; _c21 cm. |
||
| 700 | 1 |
_aPérez, José Tomás, _epról. _917046 |
|
| 710 | 1 |
_aConsejo Nacional de Reforma del Estado _910038 |
|
| 942 |
_2ddc _cLBS1 |
||
| 999 |
_c37446 _d37446 |
||